| 000 | 00582nam a2200205 a 4500 | ||
|---|---|---|---|
| 005 | 20240426063812.0 | ||
| 008 | 011010s2003 r 000 0 eng d | ||
| 020 | _a9688606383 | ||
| 035 | _aUPN01000112820 | ||
| 049 | _aCG | ||
| 050 | 4 |
_aHV6026 E8 _bS5.3 |
|
| 100 | 1 | _aSilva Rodríguez, Arturo | |
| 245 | 1 | 0 |
_aCriminología y conducta antisocial / _cArturo Silva Rodríguez. |
| 260 |
_aMéxico : _bPax-México, _c2003. |
||
| 300 | _a195 p. | ||
| 650 | 4 |
_aCriminología _97582 |
|
| 650 | 4 |
_aDESADAPTADOS SOCIALES _99932 |
|
| 650 | 4 |
_aPSICOLOGIA CRIMINAL _918250 |
|
| 905 | _aLibro | ||
| 999 |
_c86728 _d86728 |
||